THE TEACHING FILES INTERVENTIONAL (Record no. 14578)

MARC details
000 -LEADER
fixed length control field 00281nam a22001217a 4500
003 - CONTROL NUMBER IDENTIFIER
control field SGT
082 ## - DEWEY DECIMAL CLASSIFICATION NUMBER
Classification number 617.05
Item number T10B
100 ## - MAIN ENTRY--PERSONAL NAME
Personal name BURKE, CHARLES T.
245 ## - TITLE STATEMENT
Title THE TEACHING FILES INTERVENTIONAL
260 ## - PUBLICATION, DISTRIBUTION, ETC. (IMPRINT)
Place of publication, distribution, etc PHILADELPHIA
Name of publisher, distributor, etc SAUNDERS PUB
Year of Publication 2010
300 ## - PAGE DESCRIPTION
No. of Pages 625
942 ## - ADDED ENTRY ELEMENTS (KOHA)
Source of classification or shelving scheme Dewey Decimal Classification
Koha item type Books
Holdings
Withdrawn status Lost status Source of classification or shelving scheme Damaged status Not for loan Collection code Home library Current library Shelving location Date acquired Vendor Name SGTU Total Checkouts Full call number Accession No. (Barcode) Date last seen Bill Date Koha item type
    Dewey Decimal Classification     MEDICAL SGT Medical Library SGT Medical Library Reference Book 17/01/2018 ABC SGTU   617.05 T10B FM9389 17/01/2018 17/01/2018 Books